000
00300 a2200145 4500
001
155037
040
_c
Escola São Tomás de Aquino
100
_a
SHAKESPEARE, William
240
1
0
_a
Macbet
_l
por
245
1
0
_a
Macbet
300
_a
44
362
0
_a
2007
697
_a
Língua inglesa
942
_c
BK
999
_c
155037
_d
155037